| 000 | 01607cam a22004574a 4500 | ||
|---|---|---|---|
| 001 | 84964 | ||
| 005 | 20230410120715.0 | ||
| 008 | 090316s2009 cau b 001 0 eng | ||
| 010 | _a 2009011268 | ||
| 035 | _a(OCoLC)ocn263978176 | ||
| 040 |
_aDLC _cDLC _dBTCTA _dYDXCP _dC#P _dBWX _dOCLCA _dOCLCQ |
||
| 020 | _a9781576755853 (pbk. : alk. paper) | ||
| 020 | _a1576755851 (pbk. : alk. paper) | ||
| 029 | 1 |
_aBWX _bR6788966 |
|
| 029 | 1 |
_aAU@ _b000043950446 |
|
| 029 | 1 |
_aNZ1 _b13061976 |
|
| 035 | _a(OCoLC)263978176 | ||
| 043 | _an-us--- | ||
| 050 | 1 | 4 |
_aHQ 799.2 _bS342d 2009 |
| 082 | 0 | 0 | _a306.8 |
| 100 | 1 | _aSchlesinger, Andrea Batista. | |
| 245 | 1 | 4 |
_aThe death of "why?" : _bthe decline of questioning and the future of democracy / _cAndrea Batista Schlesinger. |
| 250 | _a1st ed. | ||
| 260 |
_aSan Francisco : _bBerrett-Koehler, _c2009. |
||
| 300 |
_aviii, 254 p. ; _c22 cm. |
||
| 490 | 1 | _aA BK currents book | |
| 504 | _aIncludes bibliographical references and index. | ||
| 650 | 0 |
_aYouth _xPolitical activity _zUnited States. |
|
| 650 | 0 |
_aCivics _xStudy and teaching _zUnited States. |
|
| 650 | 0 |
_aPolitical participation _zUnited States. |
|
| 650 | 4 |
_aJuventud _xActividad política _zEstados Unidos. |
|
| 650 | 4 |
_aCivismo _xEstudio y enseñanza _zEstados Unidos. |
|
| 650 | 4 |
_aLa participación política _zEstados Unidos. |
|
| 830 | 0 | _aBK currents book. | |
| 938 |
_aBaker and Taylor _bBTCP _nBK0007981779 |
||
| 938 |
_aYBP Library Services _bYANK _n2988309 |
||
| 938 |
_aBlackwell Book Service _bBBUS _nR6788966 _c$16.95 |
||
| 942 |
_2lcc _cbk |
||
| 994 |
_aC0 _bDRFGD |
||
| 946 | _a | ||
| 999 |
_c50269 _d50269 |
||